Score 0/8 Timer 02:00
7 Plays Today
% Correct
India
87.7%
Indonesia
79.1%
Andorra
74.8%
Angola
71.4%
United States
71%
United Kingdom
66.7%
United Arab Emirates
60.6%
Antigua and Barbuda
48.2%
Remove Ads.
Support Sporcle.
Get the best of Sporcle when you Go Orange. This ad-free experience offers more features, more stats, and more fun while also helping to support Sporcle. Thank you for becoming a member.

You're not logged in!

Compare scores with friends on all Sporcle quizzes.
OR
Log In

Show Comments

Extras

Top Quizzes Today


Score Distribution

Your Account Isn't Verified!

In order to create a playlist on Sporcle, you need to verify the email address you used during registration. Go to your Sporcle Settings to finish the process.

Report this User

Report this user for behavior that violates our Community Guidelines.

Details: